|
|
|
|
| LEADER |
00689nab a2200205 i 4500 |
| 001 |
acta4020 |
| 005 |
20250901153734.0 |
| 008 |
161015s2007 hu o 000 eng d |
| 022 |
|
|
|a 0567-7246
|
| 040 |
|
|
|a SZTE Egyetemi Kiadványok Repozitórium
|b hun
|
| 041 |
|
|
|a eng
|
| 100 |
1 |
|
|a Hajdú Péter
|
| 245 |
1 |
4 |
|a The rhetoric of sincerity
|h [elektronikus dokumentum] /
|c Hajdú Péter
|
| 260 |
|
|
|c 2007
|
| 300 |
|
|
|a 17-23
|
| 490 |
0 |
|
|a Acta Universitatis Szegediensis : acta antiqua et archaeologica
|v 30
|
| 650 |
|
4 |
|a Bölcsészettudományok
|
| 650 |
|
4 |
|a Nyelvek és irodalom
|
| 695 |
|
|
|a Irodalomtudomány
|
| 856 |
4 |
0 |
|u http://acta.bibl.u-szeged.hu/4020/1/antiqua_030_017-023.pdf
|z Dokumentum-elérés
|